La autonomía de Segovia y la reivindicación regional de Castilla / (Record no. 22645)

MARC details
000 -LEADER
campo de control de longitud fija 00618nam a2200181 i 4500
001 - NÚMERO DE CONTROL
campo de control 22645
003 - IDENTIFICADOR DE NÚMERO DE CONTROL
campo de control ES-MaACL
005 - FECHA Y HORA DE LA ÚLTIMA TRANSACCIÓN
campo de control 20230906152731.0
007 - CAMPO FIJO DE DESCRIPCIÓN FÍSICA--INFORMACIÓN GENERAL
campo de control de longitud fija t|
008 - DATOS DE LONGITUD FIJA--INFORMACIÓN GENERAL
campo de control de longitud fija 021204s1981 sp ||||1| spa d
100 1# - ENTRADA PRINCIPAL--NOMBRE DE PERSONA
Nombre de persona Altares, Pedro.
9 (RLIN) 20521
245 13 - MENCIÓN DEL TÍTULO
Título La autonomía de Segovia y la reivindicación regional de Castilla /
Mención de responsabilidad, etc. Pedro Altares, Manuel González Herrero, Ansemo Carretero.
260 ## - PUBLICACIÓN, DISTRIBUCIÓN, ETC.
Lugar de publicación, distribución, etc. [Segovia :
Nombre del editor, distribuidor, etc. Comunidad Castellana,
Fecha de publicación, distribución, etc. 1981]
300 ## - DESCRIPCIÓN FÍSICA
Extensión 36 p. ;
Dimensiones 21 cm.
700 1# - ENTRADA AGREGADA--NOMBRE PERSONAL
Nombre de persona González Herrero, Manuel.
9 (RLIN) 58712
700 1# - ENTRADA AGREGADA--NOMBRE PERSONAL
Nombre de persona Carretero y Jiménez, Anselmo.
9 (RLIN) 35729
852 ## - LOCALIZACIÓN
Ubicación ES-MaACL
Número de control de estantería 2120-F-18
Sublocalización o colección R.103014
Holdings
Estatus retirado Estado de pérdida Estado de daño No para préstamo Colección Biblioteca de origen Biblioteca actual Ubicación en estantería Fecha de adquisición Fuente de adquisición Total de préstamos Signatura topográfica completa Código de barras Visto por última vez Precio de reemplazo Tipo de ítem Koha
        Colección de folletos Biblioteca del Ateneo de Madrid Biblioteca del Ateneo de Madrid Depósito folletos 17/01/2008     2120-F-18 1023314 23/02/2023 23/02/2023 Folleto